000 01198nam a22003377a 4500
003 CHAP
005 20220817044358.0
008 101005s1952 mx r 00010 spa d
010 _a99368
011 _a100340
035 _a111026
040 _cCHAP
090 _aFolleto 17786
100 0 0 _aSánchez, Pedro C.
_9107962
245 1 4 _aLas anomalías de la gravedad indican las zonas de gran actividad tectónica, y en cierto modo miden su intensidad
_bexplicación de los temblores y el volcanismo por la teoría de la isostasia.
_c/por Pedro C. Sánchez
260 _aMéxico, D. F. :
_bInstituto Panamericano de Geografía e Historia,
_c1952
300 _a22 p. :
_bmapa
490 0 _aPublicación
_v; 5
590 _aBATCH-UPD
_b10
_c20130110
_lUCH01
_h1208
590 _aBATCH-UPD
_b10
_c20130410
_lUCH01
_h0748
590 _aBATCH-UPD
_b10
_c20130914
_lUCH01
_h1539
590 _aCONVERSION
_b10
_c20130109
_lUCH01
_h1355
650 0 4 _aGeología.
_947604
650 0 4 _aSismos.
_9106696
650 0 4 _aTerremotos.
_9112423
650 0 4 _aVolcanes.
_9120637
830 0 _aPublicación
_v; 5
901 _aBK
942 _cFOLL
949 _aFolleto 17786
_bBC
_cFOLL
_d33724002119496
_eTS1
_i111026
_sb
999 _c99368
_d99368